000 01010nam a22002177a 4500
999 _c3617
_d3617
003 AR-CdUCM
008 190306b ||||| |||| 00| 0 spa d
040 _aMUNICIPALIDAD PROVINCIAL DEL CUSCO
_cBIBLIOTECA MUNICIPAL DEL CUSCO
082 _a985.009 /
_bAP64
100 _aAparicio Vega, Manuel Jesús
_91304
110 _aMunicipalidad del Cusco
_9876
245 _aCusqueños ilustres /
260 _aCusco :
_bMunicipalidad del Cusco,
_c2004.
300 _a227 paginas ;
_c19 cm.
_e+cds+vh.
505 _aContenido :El inca Garcilaso de la Vega: Símbolo de la peruanidad y la americanidad -- El sabio Antonio Lorena: Maestro de la juventud -- Clorinda Matto de Turner: La cusqueña mas ilustre de todos los tiempos -- Fortunato L, Herrera Garmendia -- El músico peruano Armando Guevara Ochoa : Amauta, patrimonio cultural vivo de la nación.
650 _aCronistas
_91200
650 _aSiglo XIV
_91308
650 _aPeruanos ilustres
_911815
942 _2ddc
_cLIBROS
945 _arum